000 00395nam a22001697a 4500
005 20160624100019.0
008 160624b xxu||||| |||| 00| 0 eng d
020 _a81-250-3434-X
041 _aeng
082 _b9677
100 _aBotton, David and Goodey, Noel
_92627
245 _aEnglish Grammer in Steps
260 _bRicmond
300 _a213
650 _aManagement
_9241
942 _cBK
999 _c3752
_d3751